Opäť štart k novému vývoju?

Negatívne javy v ekonomike brzdiace hospodársky rast v SR. Ďalekosiahle dôsledky poklesu HDP v porovnaní s r. 1989. Úsilie priblížiť sa k tempu povojnového rastu východoázijských krajín, potrebné na prekonanie rozdielov v hospodárskej úrovni SR a západoeurópskych krajín.

Gespeichert in:
Bibliographische Detailangaben
1. Verfasser: Sedlák, Mikuláš
Format: Buchkapitel
Sprache:Slowakisch
Schlagworte:
Tags: Tag hinzufügen
Keine Tags, Fügen Sie das erste Tag hinzu!

MARC

LEADER 00000naa a2200000 4500
001 r016467
005 20221213095841.2
041 0 |a slo 
044 |a SK 
245 1 0 |a Opäť štart k novému vývoju?  |c Mikuláš Sedlák 
520 |a Negatívne javy v ekonomike brzdiace hospodársky rast v SR. Ďalekosiahle dôsledky poklesu HDP v porovnaní s r. 1989. Úsilie priblížiť sa k tempu povojnového rastu východoázijských krajín, potrebné na prekonanie rozdielov v hospodárskej úrovni SR a západoeurópskych krajín. 
610 2 0 |a Slovensko 
610 2 0 |a rast hospodársky 
610 2 0 |a 1989-1995 
610 2 0 |a produkt domáci hrubý 
610 2 0 |a ASEAN 
100 1 |a Sedlák, Mikuláš